مكتبة جامعة عجلون الوطنية

فهرس بحث المكتبة

Normal view MARC view
  • بقلم العجلي، معن سناع

Entry Personal Name

Number of records used in: 1

001 - CONTROL NUMBER

  • control field: 13721

003 - CONTROL NUMBER IDENTIFIER

  • control field: JO-AjAnu

005 - DATE AND TIME OF LATEST TRANSACTION

  • control field: 20230606072508.0

008 - FIXED-LENGTH DATA ELEMENTS

  • fixed length control field: 230606|| aca||aabn | a|a d

040 ## - CATALOGING SOURCE

  • Original cataloging agency: JO-AjAnu
  • Transcribing agency: JO-AjAnu

100 ## - HEADING--PERSONAL NAME

  • Personal name: بقلم العجلي، معن سناع

670 ## - SOURCE DATA FOUND

  • Source citation: Work cat.: (JO-AjAnu)7057: بقلم العجلي، معن سناع, author, هكذا كنت في سيلان